[Event "5. ch-EURw"]
[Site "?"]
[Date "2004.04.02"]
[Round "12"]
[White "Czaeczine Anne"]
[Black "Dworakowska Joanna"]
[Result "0-1"]
[WhiteElo "2153"]
[BlackElo "2370"]
[PlyCount "102"]
[EventDate "2004.??.??"]
[Source "www.chesslib.no"]
[SourceDate "2004.05.04"]

1. e4 c5 2. Nf3 d6 3. d4 cxd4 4. Nxd4 Nf6 5. Nc3 a6 6. Bg5 e6 7. f4 Be7 8. Qf3 Qc7 9. O-O-O Bd7 10. Bd3 Nc6 11. Nxc6 Bxc6 12. Rhe1 O-O-O 13. Qh3 Kb8 14. e5 Nd5 15. Bxe7 Qxe7 16. Nxd5 Bxd5 17. Be4 Bxe4 18. Rxe4 dxe5 19. Rxd8+ Rxd8 20. Rxe5 Qd6 21. Qd3 Qxd3 22. cxd3 Rxd3 23. Kc2 Rd6 24. Kc3 Kc7 25. b4 Rd1 26. Re2 Rc1+ 27. Kb3 Kd6 28. g3 h6 29. Rd2+ Ke7 30. Ka4 b6 31. Kb3 g5 32. Rf2 b5 33. fxg5 hxg5 34. a4 f5 35. axb5 axb5 36. Ra2 f4 37. gxf4 gxf4 38. h4 Rh1 39. Kc3 Rxh4 40. Kd4 Rh5 41. Ke4 Rf5 42. Kf3 Kf6 43. Ra8 Ke5 44. Rc8 Kd4 45. Rc6 Rf6 46. Rc5 e5 47. Rxb5 e4+ 48. Kf2 Rc6 49. Ra5 Rc2+ 50. Kf1 f3 51. Ra1 Rb2 0-1

[Event "Balatonbereny op"]
[Site "Balatonbereny"]
[Date "1997.??.??"]
[Round "1"]
[White "Volkmann, Friedrich"]
[Black "Mutschler, Laszlo"]
[Result "1-0"]
[WhiteElo "2380"]
[BlackElo "2135"]
[PlyCount "77"]
[EventDate "1997.??.??"]
[Source "www.chesslib.no"]
[SourceDate "2004.05.04"]

1. e4 c5 2. Nf3 d6 3. d4 cxd4 4. Nxd4 Nf6 5. Nc3 a6 6. Bg5 e6 7. f4 Be7 8. Qf3 Qc7 9. O-O-O b5 10. Bxf6 gxf6 11. a3 h5 12. f5 Nc6 13. fxe6 fxe6 14. Nxc6 Qxc6 15. Be2 Ra7 16. Qg3 Kd8 17. Qg7 Qe8 18. Rxd6+ Kc7 19. Rd2 Kb6 20. Qg3 Rc7 21. Qf2+ Kb7 22. e5 Bc5 23. Qf3+ Ka7 24. exf6 Bb7 25. Ne4 Qg6 26. Bd3 Qh6 27. Re1 h4 28. Ree2 b4 29. axb4 Bd4 30. Kb1 Rhc8 31. c3 Bd5 32. f7 e5 33. Qf6 Qxf6 34. Nxf6 Bb3 35. Bc2 Bxc2+ 36. Rxc2 Bg1 37. Rxe5 Rxf7 38. Ng4 Rc4 39. h3 1-0

[Event "Andalucia-ch"]
[Site "?"]
[Date "2003.05.25"]
[Round "7.10"]
[White "Martin Perez Javier"]
[Black "Jaime Montalvan Luis Felipe"]
[Result "1-0"]
[WhiteElo "2206"]
[BlackElo "2307"]
[PlyCount "91"]
[EventDate "2003.??.??"]
[Source "www.chesslib.no"]
[SourceDate "2004.05.04"]

1. e4 c5 2. Nf3 d6 3. d4 cxd4 4. Nxd4 Nf6 5. Nc3 a6 6. Bg5 e6 7. f4 Be7 8. Qf3 Qc7 9. O-O-O h6 10. Bxf6 Bxf6 11. g4 Bd7 12. Bg2 Nc6 13. Nde2 g5 14. e5 dxe5 15. Ne4 Be7 16. fxg5 O-O-O 17. Nf6 Nb4 18. Qxb7+ Qxb7 19. Bxb7+ Kxb7 20. Nxd7 Bxg5+ 21. Kb1 e4 22. Nc5+ Kb6 23. Nxe4 Be7 24. Rhf1 Rxd1+ 25. Rxd1 Rg8 26. h3 Nd5 27. c4 Ne3 28. Rd7 Re8 29. c5+ Kc6 30. Ra7 Kb5 31. N2c3+ Kc4 32. Rxa6 f5 33. gxf5 exf5 34. Ra4+ Kd3 35. Nf2+ Kd2 36. Rd4+ Ke1 37. Nd3+ Kf1 38. Rf4+ Kg2 39. Ne1+ Kh1 40. b4 Bg5 41. Rf2 Kg1 42. Re2 Kf1 43. Nd3 f4 44. Rf2+ Kg1 45. Ne2+ Kh1 46. Nexf4 1-0

[Event "Rhein an Main op"]
[Site "Rhein"]
[Date "1998.??.??"]
[Round "1"]
[White "Mikuev E"]
[Black "Farkas, Ti"]
[Result "1-0"]
[WhiteElo "2505"]
[BlackElo "2005"]
[PlyCount "69"]
[EventDate "1998.??.??"]
[Source "www.chesslib.no"]
[SourceDate "2004.05.04"]

1. e4 c5 2. Nf3 d6 3. d4 cxd4 4. Nxd4 Nf6 5. Nc3 a6 6. Bg5 e6 7. f4 Be7 8. Qf3 Qc7 9. O-O-O b5 10. Bd3 Nbd7 11. Rhe1 Bb7 12. a3 Rc8 13. Qh3 h6 14. Kb1 b4 15. axb4 Qb6 16. Nb3 Qxb4 17. e5 dxe5 18. fxe5 Ng4 19. Bxe7 Kxe7 20. Qg3 a5 21. Be4 Bxe4 22. Rxe4 Rxc3 23. Qxg4 Rxb3 24. Rxb4 Rxb4 25. Qxg7 Rhb8 26. Rxd7+ Kxd7 27. Qxf7+ Kd8 28. Qf8+ Kc7 29. Qc5+ Kd7 30. Qd6+ Kc8 31. Qxe6+ Kd8 32. Qf6+ Ke8 33. e6 R4b7 34. Kc1 a4 35. Qxh6 1-0

[Event "It (cat.3)"]
[Site "Guarapari (Brazil)"]
[Date "2007.06.13"]
[Round "2"]
[White "Bortoloso Moacir Canella (BRA"]
[Black "Brito Luizmar J (BRA)"]
[Result "1/2-1/2"]
[WhiteElo "2228"]
[BlackElo "2275"]
[PlyCount "84"]
[EventDate "2007.??.??"]
[Source "www.chesslib.no"]
[SourceDate "2004.05.04"]

1. e4 c5 2. Nf3 d6 3. d4 cxd4 4. Nxd4 Nf6 5. Nc3 a6 6. Bg5 e6 7. f4 Be7 8. Qf3 Qc7 9. O-O-O h6 10. Bxf6 Bxf6 11. Kb1 Nc6 12. Nb3 Bd7 13. g4 g5 14. e5 dxe5 15. fxg5 Bxg5 16. Ne4 O-O-O 17. Bg2 Be7 18. Qxf7 Rdf8 19. Qh5 Kb8 20. Rhe1 Nb4 21. Nc3 Bg5 22. Qh3 Bc8 23. a3 Nc6 24. Ne4 Bf4 25. Nbc5 Rd8 26. Qb3 Ka7 27. Nd3 Qb6 28. Qxb6+ Kxb6 29. h3 Kc7 30. Nc3 Rhf8 31. Bxc6 bxc6 32. Ne4 Rd5 33. h4 Rdd8 34. g5 hxg5 35. hxg5 Rf5 36. Rg1 Rg8 37. g6 a5 38. Ndc5 Be3 39. Rg2 Rf4 40. Re1 Bxc5 41. Nxc5 Rf6 42. Reg1 Bd7 1/2-1/2

[Event "Cataluna Club op"]
[Site "Cataluna"]
[Date "1999.??.??"]
[Round "?"]
[White "Picanol Alamany, Antoni"]
[Black "Sulleva Baiget, Alex"]
[Result "1-0"]
[WhiteElo "2345"]
[BlackElo "2140"]
[PlyCount "41"]
[EventDate "1999.??.??"]
[Source "www.chesslib.no"]
[SourceDate "2004.05.04"]

1. e4 c5 2. Nf3 d6 3. d4 cxd4 4. Nxd4 Nf6 5. Nc3 a6 6. Bg5 e6 7. f4 Be7 8. Qf3 Qc7 9. O-O-O b5 10. e5 Bb7 11. Qg3 dxe5 12. fxe5 Nh5 13. Qh4 g6 14. Bxb5+ axb5 15. Ndxb5 Bxg5+ 16. Qxg5 Qb6 17. Nd6+ Kf8 18. Rhf1 Bd5 19. Rxf7+ Kg8 20. Qe7 Nc6 21. Rg7+ 1-0

[Event "36. Olympiad"]
[Site "?"]
[Date "2004.10.18"]
[Round "4"]
[White "Galiana Juan Ramon"]
[Black "Agnelio Amorin"]
[Result "1-0"]
[WhiteElo "2257"]
[BlackElo "2227"]
[PlyCount "51"]
[EventDate "2004.??.??"]
[Source "www.chesslib.no"]
[SourceDate "2004.05.04"]

1. e4 c5 2. Nf3 d6 3. d4 cxd4 4. Nxd4 Nf6 5. Nc3 a6 6. Bg5 e6 7. f4 Be7 8. Qf3 Qc7 9. O-O-O Nc6 10. Qg3 h6 11. Bxf6 Bxf6 12. Nxc6 Qxc6 13. e5 dxe5 14. fxe5 Bg5+ 15. Kb1 O-O 16. Bd3 Qc7 17. Ne4 Be7 18. Rhf1 Rd8 19. Nf6+ Bxf6 20. Rxf6 Rd5 21. Re1 Kh8 22. Qh4 Kg8 23. Rf3 Qd8 24. Qe4 Qg5 25. Qh7+ Kf8 26. Bg6 1-0

[Event "Corr"]
[Site "?"]
[Date "1999.??.??"]
[Round "?"]
[White "Miraglia Jorge"]
[Black "Radosztics Gerhard"]
[Result "1/2-1/2"]
[WhiteElo "2153"]
[BlackElo "2325"]
[PlyCount "74"]
[EventDate "1999.??.??"]
[Source "www.chesslib.no"]
[SourceDate "2004.05.04"]

1. e4 c5 2. Nf3 d6 3. d4 cxd4 4. Nxd4 Nf6 5. Nc3 a6 6. Bg5 e6 7. f4 Be7 8. Qf3 Qc7 9. Bd3 Bd7 10. Qg3 h6 11. Bh4 O-O 12. Nb3 b5 13. O-O b4 14. Nd1 Bc6 15. Qe1 a5 16. e5 Nd5 17. Bg3 a4 18. Nd4 dxe5 19. fxe5 Bc5 20. Kh1 a3 21. bxa3 Rxa3 22. Qe4 Nf6 23. Qh4 Nh5 24. Bf2 Qxe5 25. Re1 Qf4 26. Qxf4 Bxg2+ 27. Kxg2 Nxf4+ 28. Kh1 Rxd3 29. cxd3 Nxd3 30. Re4 e5 31. Nc2 Bxf2 32. Nxb4 f5 33. Rc4 Nxb4 34. Nxf2 N4a6 35. Rb1 Rd8 36. Rb5 Rd2 37. Kg1 Nd7 1/2-1/2

[Event "POL-ch sf"]
[Site "Poraj "]
[Date "1997.??.??"]
[Round "5"]
[White "Przedmojski, Rafal"]
[Black "Rosenbeiger, Alan"]
[Result "1/2-1/2"]
[WhiteElo "2335"]
[BlackElo "2130"]
[PlyCount "114"]
[EventDate "1997.??.??"]
[Source "www.chesslib.no"]
[SourceDate "2004.05.04"]

1. e4 c5 2. Nf3 d6 3. d4 cxd4 4. Nxd4 Nf6 5. Nc3 a6 6. Bg5 e6 7. f4 Be7 8. Qf3 Qc7 9. O-O-O O-O 10. Bd3 Nbd7 11. Kb1 b5 12. Rhe1 h6 13. Bxh6 gxh6 14. Qh3 Qc5 15. e5 dxe5 16. Nb3 Qf2 17. fxe5 Ne8 18. Re4 f5 19. exf6 Ndxf6 20. Rh4 e5 21. g4 h5 22. Rf1 Qa7 23. Qg2 Bb7 24. Qg3 e4 25. gxh5+ Kh8 26. Nxe4 Bxe4 27. Bxe4 Nxe4 28. Rxf8+ Bxf8 29. Rxe4 Rd8 30. a3 Qg7 31. Rg4 Qf7 32. Rg6 Rd1+ 33. Ka2 Rd6 34. Qe5+ Kh7 35. Rg5 Rf6 36. Qe4+ Kh8 37. Rg6 a5 38. a4 bxa4 39. Qxa4 Rxg6 40. hxg6 Qxg6 41. Nxa5 Qe6+ 42. Qc4 Qxc4+ 43. Nxc4 Nf6 44. Ne5 Kg7 45. Kb3 Bd6 46. Nf3 Kg6 47. Kc4 Ng4 48. Kd5 Bb8 49. c4 Nxh2 50. Nxh2 Bxh2 51. b4 Kf6 52. c5 Ke7 53. Kc6 Ke6 54. b5 Bg1 55. b6 Ke7 56. b7 Bh2 57. Kb6 Bb8 1/2-1/2

[Event "Collado-Villalba op-16"]
[Site "Madrid"]
[Date "1999.08.24"]
[Round "5"]
[White "Roa, S."]
[Black "Hinojar, D."]
[Result "1-0"]
[WhiteElo "2328"]
[BlackElo "2135"]
[PlyCount "63"]
[EventDate "1999.08.20"]
[Source "www.chesslib.no"]
[SourceDate "2004.05.04"]

1. e4 c5 2. Nf3 d6 3. d4 cxd4 4. Nxd4 Nf6 5. Nc3 a6 6. Bg5 e6 7. f4 Be7 8. Qf3 Qc7 9. O-O-O b5 10. Bxf6 gxf6 11. f5 Nc6 12. fxe6 fxe6 13. Ncxb5 axb5 14. Bxb5 O-O 15. Nxc6 Rxa2 16. Kb1 Ra8 17. Nxe7+ Qxe7 18. Qg3+ Kh8 19. Qxd6 Qf7 20. e5 f5 21. Qc5 Rg8 22. g3 Qb7 23. Bc6 Qc7 24. Qd6 Ra7 25. Qxc7 Rxc7 26. Bf3 Rc5 27. Rhe1 Ba6 28. Rd6 Bc4 29. b3 Rb8 30. Red1 Kg7 31. Rd8 Bxb3 32. R1d7+ 1-0

[Event "It (Open) Bosnjaci SCG"]
[Site "?"]
[Date "2006.01.07"]
[Round "8"]
[White "Avdil Halil"]
[Black "Jelecevic Ivo"]
[Result "1-0"]
[WhiteElo "2282"]
[BlackElo "2165"]
[PlyCount "37"]
[EventDate "2006.??.??"]
[Source "www.chesslib.no"]
[SourceDate "2004.05.04"]

1. e4 c5 2. Nf3 d6 3. d4 cxd4 4. Nxd4 Nf6 5. Nc3 a6 6. Bg5 e6 7. f4 Be7 8. Qf3 Qc7 9. O-O-O b5 10. Bxf6 gxf6 11. a3 Bb7 12. Qh5 Bc8 13. f5 Qc5 14. Be2 e5 15. Ne6 Bxe6 16. fxe6 Qe3+ 17. Kb1 Rf8 18. Nd5 Qc5 19. Rd3 1-0

[Event "Hania Open"]
[Site "Hania"]
[Date "1994.??.??"]
[Round "5"]
[White "Stavrakakis, Vasilios"]
[Black "Halkias, Stelios"]
[Result "0-1"]
[WhiteElo "2250"]
[BlackElo "2195"]
[PlyCount "162"]
[EventDate "1994.08.??"]
[Source "www.chesslib.no"]
[SourceDate "2004.05.04"]

1. e4 c5 2. Nf3 d6 3. d4 cxd4 4. Nxd4 Nf6 5. Nc3 a6 6. Bg5 e6 7. f4 Be7 8. Qf3 Qc7 9. O-O-O Bd7 10. g4 Nc6 11. Nb3 O-O-O 12. Bxf6 Bxf6 13. g5 Be7 14. h4 Kb8 15. Bh3 Rhe8 16. Rh2 Rc8 17. Nd4 Nxd4 18. Rxd4 Qa5 19. Rhd2 Bc6 20. f5 Qe5 21. Qg4 Bf8 22. g6 hxg6 23. fxe6 fxe6 24. Qxg6 Qf6 25. Qxf6 gxf6 26. Rg2 Bh6+ 27. Kd1 Bf4 28. h5 Be5 29. Rd3 Bxc3 30. Rxc3 Bxe4 31. Rxc8+ Kxc8 32. Rg7 Bf3+ 33. Kc1 Bxh5 34. Bg2 d5 35. c4 Rd8 36. Bh3 dxc4 37. Bxe6+ Kb8 38. Kc2 b5 39. Bd7 Be8 40. Bf5 Bc6 41. Rf7 Rd6 42. Kc3 a5 43. a4 bxa4 44. Kxc4 Bd5+ 45. Kc5 Bxf7 46. Kxd6 Bb3 47. Kc6 Ka7 48. Bd3 Bd1 49. Kc7 Bg4 50. Bb5 f5 51. Bd7 Ka6 52. Kc6 Bf3+ 53. Kc5 f4 54. Bxa4 Be2 55. Bd7 Bd1 56. b4 a4 57. b5+ Ka7 58. b6+ Kb8 59. Kd4 a3 60. Kc3 f3 61. Bc6 f2 62. Bg2 Bf3 63. Bf1 Bd5 64. Ba6 Ka8 65. Kc2 Kb8 66. Kb1 Bb7 67. Bf1 Bc8 68. Ka2 Kb7 69. Kxa3 Kxb6 70. Kb4 Ba6 71. Bg2 Bb7 72. Bf1 Ba6 73. Bg2 Bb5 74. Bh3 Be2 75. Bg2 Ba6 76. Bh3 Kc6 77. Kc3 Kd5 78. Kd2 Ke4 79. Bg2+ Kf4 80. Bh3 Kg3 81. Ke3 Bb5 0-1

[Event "Empresarial-ch4"]
[Site "Buenos Aires"]
[Date "2001.05.18"]
[Round "1"]
[White "Pierrot, Facundo"]
[Black "Albert, Horacio"]
[Result "1-0"]
[WhiteElo "2427"]
[BlackElo "2018"]
[PlyCount "95"]
[EventDate "2001.05.18"]
[Source "www.chesslib.no"]
[SourceDate "2004.05.04"]

1. e4 c5 2. Nf3 d6 3. d4 cxd4 4. Nxd4 Nf6 5. Nc3 a6 6. Bg5 e6 7. f4 Be7 8. Qf3 Qc7 9. O-O-O Nc6 10. Nxc6 bxc6 11. e5 dxe5 12. fxe5 Nd5 13. Bxe7 Qxe7 14. Ne4 O-O 15. Bd3 f6 16. exf6 gxf6 17. Rhe1 f5 18. Qg3+ Qg7 19. Qxg7+ Kxg7 20. Nc5 Kf6 21. c4 Nb6 22. Bf1 Ke7 23. b3 Rf6 24. Nd3 a5 25. Be2 Bd7 26. Bf3 Rc8 27. Re5 a4 28. c5 Nd5 29. Bxd5 cxd5 30. b4 f4 31. Rh5 h6 32. Ne5 Bb5 33. Rd2 Rg8 34. Rh4 Bf1 35. Rf2 Bxg2 36. Rhxf4 Rxf4 37. Rxf4 Rg5 38. Nc6+ Kd7 39. Nb8+ Kc7 40. Rf8 d4 41. Na6+ Kb7 42. b5 Rf5 43. Rg8 Be4 44. Rg7+ Kc8 45. c6 Rg5 46. Rc7+ Kd8 47. Rd7+ Kc8 48. b6 1-0

[Event "Sueder Sommer op 11th"]
[Site "?"]
[Date "2000.07.28"]
[Round "7"]
[White "Kummerow Heiko"]
[Black "Kneip Karl"]
[Result "1-0"]
[WhiteElo "2314"]
[BlackElo "2126"]
[PlyCount "69"]
[EventDate "2000.??.??"]
[Source "www.chesslib.no"]
[SourceDate "2004.05.04"]

1. e4 c5 2. Nf3 d6 3. d4 cxd4 4. Nxd4 Nf6 5. Nc3 a6 6. Bg5 e6 7. f4 Be7 8. Qf3 Qc7 9. O-O-O b6 10. g4 Bb7 11. Bxf6 Bxf6 12. g5 Bxd4 13. Rxd4 Nc6 14. Rd2 b5 15. Bxb5 O-O 16. Bxc6 Bxc6 17. Rhd1 Rfd8 18. Qg3 Rab8 19. b3 a5 20. Rd4 Rbc8 21. Qd3 d5 22. e5 Qe7 23. Kb2 Qb7 24. f5 Qc7 25. Re1 exf5 26. Qxf5 Bd7 27. Qf3 Bf5 28. Re2 Be4 29. Nxe4 a4 30. Nd6 a3+ 31. Kc1 Qa7 32. Qxd5 Rc5 33. Qe4 Rb8 34. e6 Rxg5 35. exf7+ 1-0

[Event "Malbork-ch"]
[Site "?"]
[Date "1999.??.??"]
[Round "?"]
[White "Gunajew Rafal"]
[Black "Piasecki Thomas"]
[Result "1-0"]
[WhiteElo "2210"]
[BlackElo "2225"]
[PlyCount "57"]
[EventDate "1999.??.??"]
[Source "www.chesslib.no"]
[SourceDate "2004.05.04"]

1. e4 c5 2. Nf3 d6 3. d4 cxd4 4. Nxd4 Nf6 5. Nc3 a6 6. Bg5 e6 7. f4 Be7 8. Qf3 Qc7 9. O-O-O Bd7 10. g4 Nc6 11. f5 b5 12. a3 b4 13. Nxc6 bxc3 14. Nxe7 cxb2+ 15. Kb1 Ba4 16. Rd2 Kxe7 17. Bf4 e5 18. g5 Nh5 19. f6+ gxf6 20. gxf6+ Ke8 21. Bxe5 dxe5 22. Qxh5 Qc3 23. Bh3 Rd8 24. Rxd8+ Kxd8 25. Rd1+ Ke8 26. Rd2 Rg8 27. Qd1 Bxc2+ 28. Rxc2 Qxh3 29. Qd6 1-0

[Event "HUN-chT29899"]
[Site "HUN"]
[Date "1999.??.??"]
[Round "?"]
[White "Darazs, Zoltan"]
[Black "Meszaros, Ignac"]
[Result "1/2-1/2"]
[WhiteElo "2195"]
[BlackElo "2240"]
[PlyCount "119"]
[EventDate "1998.??.??"]
[Source "www.chesslib.no"]
[SourceDate "2004.05.04"]

1. e4 c5 2. Nf3 d6 3. d4 cxd4 4. Nxd4 Nf6 5. Nc3 a6 6. Bg5 e6 7. f4 Be7 8. Qf3 Qc7 9. O-O-O Nc6 10. Nxc6 bxc6 11. e5 dxe5 12. fxe5 Nd5 13. Bxe7 Nxe7 14. Ne4 O-O 15. Qh5 Ng6 16. Rd6 Qa5 17. Ng5 h6 18. Nxf7 Nf4 19. Nxh6+ gxh6 20. Qxh6 Qxe5 21. Bd3 Nxd3+ 22. cxd3 Qf4+ 23. Qxf4 Rxf4 24. Rxc6 Kf7 25. Re1 Rf2 26. Rc2 Rxc2+ 27. Kxc2 Bb7 28. Re2 a5 29. Kc3 Rd8 30. Rf2+ Ke7 31. b3 e5 32. Rf5 Ke6 33. Rg5 Kf6 34. Rg3 Kf5 35. h4 Rc8+ 36. Kd2 Rh8 37. Rg7 Bd5 38. g3 a4 39. bxa4 Bxa2 40. Ke3 Ra8 41. Rg5+ Kf6 42. Rg4 Bb3 43. Rb4 Bxa4 44. g4 Bd1 45. Rb6+ Kf7 46. Rb7+ Ke6 47. Rb6+ Kf7 48. g5 Rh8 49. Rb1 Bc2 50. Rb4 Rd8 51. Ke4 Rxd3 52. Kxe5 Rb3 53. Rc4 Rb5+ 54. Kf4 Bd1 55. Rd4 Be2 56. Rd2 Rb4+ 57. Kf5 Bg4+ 58. Ke5 Bh3 59. Rf2+ Kg7 60. Rf4 1/2-1/2

[Event "Acropolis 2007"]
[Site "Athens"]
[Date "2007.08.16"]
[Round "3.34"]
[White "Pavlidis, Antonios"]
[Black "Nikolaou, Georgios"]
[Result "1-0"]
[WhiteElo "2175"]
[BlackElo "2257"]
[PlyCount "59"]
[EventDate "2007.08.14"]
[Source "www.chesslib.no"]
[SourceDate "2004.05.04"]

1. e4 c5 2. Nf3 d6 3. d4 cxd4 4. Nxd4 Nf6 5. Nc3 a6 6. Bg5 e6 7. f4 Be7 8. Qf3 Qc7 9. O-O-O Nc6 10. Nxc6 Qxc6 11. g4 b5 12. Bd3 Bb7 13. Rhe1 O-O-O 14. Qe2 Qc7 15. e5 dxe5 16. fxe5 Nd5 17. Bd2 Rd7 18. Rf1 Rhd8 19. Nxd5 Bxd5 20. Rxf7 Bxa2 21. Bxh7 Bc4 22. Qf3 Kb8 23. Be4 b4 24. b3 Bd3 25. Bxd3 Rxd3 26. Qf2 Rc8 27. Bxb4 Bg5+ 28. Kb2 Qxe5+ 29. c3 Be3 30. Rxd3 1-0

[Event "Velden Open"]
[Site "Velden GER"]
[Date "1994.??.??"]
[Round "6"]
[White "Schweizer, Robert"]
[Black "Petrovic, Petar"]
[Result "1-0"]
[WhiteElo "2130"]
[BlackElo "2295"]
[PlyCount "43"]
[EventDate "1994.07.??"]
[Source "www.chesslib.no"]
[SourceDate "2004.05.04"]

1. e4 c5 2. Nf3 d6 3. d4 cxd4 4. Nxd4 Nf6 5. Nc3 a6 6. Bg5 e6 7. f4 Be7 8. Qf3 Qc7 9. O-O-O b5 10. Bd3 Bb7 11. Rhe1 Nbd7 12. Qg3 b4 13. Nd5 exd5 14. exd5 g6 15. Qh4 Bxd5 16. Bxf6 Nxf6 17. Qxf6 Rg8 18. Qg5 Qb7 19. Rxe7+ Qxe7 20. Qxd5 Rc8 21. Bxa6 Qe3+ 22. Kb1 1-0

[Event "HUN-chT2 9899"]
[Site "?"]
[Date "1998.??.??"]
[Round "?"]
[White "Molnar Emil"]
[Black "Pasztor Ferenc"]
[Result "1/2-1/2"]
[WhiteElo "2155"]
[BlackElo "2270"]
[PlyCount "82"]
[EventDate "1998.??.??"]
[Source "www.chesslib.no"]
[SourceDate "2004.05.04"]

1. e4 c5 2. Nf3 d6 3. d4 cxd4 4. Nxd4 Nf6 5. Nc3 a6 6. Bg5 e6 7. f4 Be7 8. Qf3 Qc7 9. O-O-O b5 10. Bxf6 gxf6 11. a3 h5 12. f5 e5 13. Nd5 Qd8 14. Ne2 Bb7 15. Nec3 Nd7 16. Qf2 Rc8 17. h4 Nc5 18. Rh3 Qa5 19. Kb1 Bxd5 20. Rxd5 b4 21. axb4 Qxb4 22. Rxc5 Qxc5 23. Qxc5 Rxc5 24. Nd5 Rg8 25. Rb3 Rxd5 26. exd5 Rg4 27. Rb8+ Bd8 28. Bxa6 Rxg2 29. Bb5+ Ke7 30. c4 Rd2 31. b4 e4 32. Bc6 e3 33. Kc1 Rd4 34. c5 dxc5 35. bxc5 Rc4+ 36. Kd1 Rxc5 37. Ke2 Rc4 38. Kxe3 Rxh4 39. Bb5 Bc7 40. Rb7 Kd6 41. Be8 Rh3+ 1/2-1/2

[Event "Ploiesti Master Open"]
[Site "?"]
[Date "2003.06.01"]
[Round "3"]
[White "Mosnegutu Mariana"]
[Black "Burnoiu Constantina-Nicolet"]
[Result "0-1"]
[WhiteElo "2242"]
[BlackElo "2180"]
[PlyCount "52"]
[EventDate "2003.??.??"]
[Source "www.chesslib.no"]
[SourceDate "2004.05.04"]

1. e4 c5 2. Nf3 d6 3. d4 cxd4 4. Nxd4 Nf6 5. Nc3 a6 6. Bg5 e6 7. f4 Be7 8. Qf3 Qc7 9. O-O-O Nc6 10. f5 O-O 11. Nb3 b5 12. a3 Rb8 13. Bd3 b4 14. axb4 Rxb4 15. Rhe1 Bd7 16. Qh3 Ne5 17. Bxa6 Ra8 18. Bf1 Qb7 19. Bxf6 Bxf6 20. Rxd6 Rxb3 21. cxb3 Ra1+ 22. Kc2 Rxe1 23. Ba6 Qb4 24. Rd2 Bg5 25. Qg3 Bxd2 26. Kxd2 Ra1 0-1

[Event "Cairnhill op"]
[Site "Singapore"]
[Date "1999.12.10"]
[Round "3"]
[White "Ruddy, Lantang"]
[Black "Khegai, Angela"]
[Result "0-1"]
[WhiteElo "2210"]
[BlackElo "2200"]
[PlyCount "74"]
[EventDate "1999.12.08"]
[Source "ChessBase"]
[SourceDate "2000.01.11"]

1. e4 c5 2. Nf3 d6 3. d4 cxd4 4. Nxd4 Nf6 5. Nc3 a6 6. Bg5 e6 7. f4 Be7 8. Qf3 Qc7 9. O-O-O Nc6 10. Nb3 h6 11. Qh3 Bd7 12. Kb1 O-O-O 13. Bxf6 Bxf6 14. g4 Kb8 15. Bg2 g5 16. Rhf1 Bc8 17. f5 Be5 18. Rf2 Na5 19. Bf1 Nc4 20. Bxc4 Qxc4 21. Qd3 Qxd3 22. cxd3 h5 23. d4 Bf6 24. h3 hxg4 25. hxg4 Rh4 26. Rg2 d5 27. fxe6 Bxe6 28. Nxd5 Bxg4 29. Rxg4 Rxg4 30. Nxf6 Rg2 31. Nc5 Rh8 32. e5 Rhh2 33. Nd3 Rd2 34. Rxd2 Rxd2 35. Nf4 gxf4 36. d5 f3 37. Kc1 Rd4 0-1

[Event "WJun Girls"]
[Site "Yerevan ARM"]
[Date "2007.10.09"]
[Round "7"]
[White "Kulon, K."]
[Black "Gomes, Ma"]
[Result "1/2-1/2"]
[WhiteElo "2139"]
[BlackElo "2262"]
[PlyCount "103"]
[EventDate "2007.10.03"]
[Source "www.chesslib.no"]
[SourceDate "2004.05.04"]

1. e4 c5 2. Nf3 d6 3. d4 cxd4 4. Nxd4 Nf6 5. Nc3 a6 6. Bg5 e6 7. f4 Be7 8. Qf3 Qc7 9. O-O-O h6 10. Bh4 Nbd7 11. g4 g5 12. fxg5 Ne5 13. Qg3 Nfxg4 14. gxh6 Bxh4 15. Qxh4 Rxh6 16. Qg3 Qe7 17. Be2 Nf6 18. Rhf1 Bd7 19. Nf3 Rg6 20. Qf4 Nfg4 21. Qd2 Bc6 22. Qxd6 Qxd6 23. Rxd6 Nxf3 24. Rxf3 Ke7 25. Rd1 Nxh2 26. Rf4 Rag8 27. Bh5 Rf6 28. Rxf6 Kxf6 29. b4 Rg5 30. Be2 Ke5 31. Bd3 f5 32. exf5 exf5 33. a4 f4 34. b5 axb5 35. axb5 Bg2 36. Re1+ Kf6 37. Re8 Rg7 38. Rh8 Ng4 39. Rf8+ Rf7 40. Rg8 Ne3 41. Kd2 Rg7 42. Rf8+ Kg5 43. Ne2 Nf1+ 44. Ke1 f3 45. Nd4 Re7+ 46. Kf2 Nd2 47. Kg3 Ne4+ 48. Bxe4 Rxe4 49. Nxf3+ Bxf3 50. Kxf3 Rb4 51. Rf7 Rxb5 52. Rc7 1/2-1/2

[Event "Los Polvorines op"]
[Site "Los Polvorines"]
[Date "1980.??.??"]
[Round "?"]
[White "Diani, Jose"]
[Black "Saphir"]
[Result "1-0"]
[WhiteElo "2200"]
[BlackElo "2200"]
[PlyCount "49"]
[EventDate "1980.??.??"]
[Source "ChessBase"]

1. e4 c5 2. Nf3 d6 3. d4 cxd4 4. Nxd4 Nf6 5. Nc3 a6 6. Bg5 e6 7. f4 Be7 8. Qf3 Qc7 9. O-O-O Nc6 10. f5 Nxd4 11. Rxd4 b5 12. fxe6 fxe6 13. Bxb5+ axb5 14. Bxf6 O-O 15. e5 dxe5 16. Rg4 Bxf6 17. Qxa8 Bb7 18. Qa3 Qb6 19. Ne4 Bxe4 20. Rxe4 Bg5+ 21. Kb1 Qc6 22. Re2 e4 23. Qc3 Qd5 24. Qb3 Qf5 25. a3 1-0

[Event "Skopje ol (Men)"]
[Site "Skopje MKD"]
[Date "1972.??.??"]
[Round "5"]
[White "Denman, Brian"]
[Black "Alvarez, Franklin"]
[Result "1/2-1/2"]
[WhiteElo "2200"]
[BlackElo "2200"]
[PlyCount "96"]
[EventDate "1972.09.??"]
[Source "www.chesslib.no"]
[SourceDate "2004.05.04"]

1. e4 c5 2. Nf3 d6 3. d4 cxd4 4. Nxd4 Nf6 5. Nc3 a6 6. Bg5 e6 7. f4 Be7 8. Qf3 Qc7 9. O-O-O Nc6 10. Nb3 Bd7 11. Kb1 O-O 12. Bd3 b5 13. e5 dxe5 14. Qh3 g6 15. Qh4 Qd8 16. fxe5 Nd5 17. Ne4 Nxe5 18. Bxb5 f6 19. Bxd7 Qxd7 20. Nxf6+ Rxf6 21. Rxd5 Qxd5 22. Bxf6 Bxf6 23. Qxf6 Rf8 24. Qg5 Rf5 25. Qg3 Nc6 26. h4 a5 27. Re1 a4 28. Nc1 Qc4 29. Qd3 Qxh4 30. Rxe6 Ne5 31. Qd5 Nf7 32. Qe4 Qh1 33. g4 Rf1 34. Qxh1 Rxh1 35. Re4 h5 36. gxh5 gxh5 37. c4 h4 38. Kc2 h3 39. Rh4 h2 40. Ne2 Ne5 41. c5 Kf7 42. Nd4 a3 43. c6 axb2 44. Kxb2 Nc4+ 45. Kb3 Nb6 46. Kb2 Nc4+ 47. Kc3 Nb6 48. Kb2 Nc4+ 1/2-1/2

[Event "Olomouc Sigma 6th"]
[Site "Olomouc CZE"]
[Date "1973.08.13"]
[Round "4"]
[White "Pederzoli, Sergio"]
[Black "Pilot, Jerzy"]
[Result "1-0"]
[WhiteElo "2200"]
[BlackElo "2200"]
[PlyCount "63"]
[EventDate "1973.08.10"]
[Source "www.chesslib.no"]
[SourceDate "2004.05.04"]

1. e4 c5 2. Nf3 d6 3. d4 cxd4 4. Nxd4 Nf6 5. Nc3 a6 6. Bg5 e6 7. f4 Be7 8. Qf3 Qc7 9. O-O-O Bd7 10. Bd3 Nc6 11. Nxc6 Bxc6 12. Rhe1 b5 13. Bxf6 Bxf6 14. Nd5 Bxd5 15. exd5 e5 16. fxe5 Bxe5 17. Rxe5+ dxe5 18. d6 Qd8 19. Qc6+ Kf8 20. d7 g6 21. Be4 Qg5+ 22. Kb1 Rb8 23. Rf1 Kg7 24. Qd6 Rhf8 25. Bd5 Rbd8 26. h4 Qxh4 27. Qxe5+ Kg8 28. Bxf7+ Rxf7 29. Qe8+ Kg7 30. Rxf7+ Kh6 31. Qe3+ g5 32. Qe6+ 1-0

[Event "Netanya-B"]
[Site "Netanya"]
[Date "1973.??.??"]
[Round "8"]
[White "Bar Nir, A."]
[Black "Lev, Arieh"]
[Result "1-0"]
[WhiteElo "2200"]
[BlackElo "2200"]
[PlyCount "49"]
[EventDate "1973.??.??"]
[Source "ChessBase"]

1. e4 c5 2. Nf3 d6 3. d4 cxd4 4. Nxd4 Nf6 5. Nc3 a6 6. Bg5 e6 7. f4 Be7 8. Qf3 Qc7 9. O-O-O Nc6 10. h3 Bd7 11. g4 Nxd4 12. Rxd4 Bc6 13. Bg2 O-O-O 14. Qe2 h6 15. Bh4 Kb8 16. Bg3 Nd7 17. Rhd1 Nb6 18. Bf2 Nc8 19. Be3 Bf6 20. Rc4 Nb6 21. Rb4 Nd7 22. Qxa6 Nc5 23. Qc4 Qa5 24. a3 Rc8 25. Rxd6 1-0